Moral science series / (Record no. 64267)

MARC details
000 -LEADER
fixed length control field 00451nam a22001577a 4500
005 - DATE AND TIME OF LATEST TRANSACTION
control field 20120322150151.0
020 ## - INTERNATIONAL STANDARD BOOK NUMBER
International Standard Book Number 0333906632
Terms of availability 79.50
035 ## - SYSTEM CONTROL NUMBER
System control number B-83573
037 ## - SOURCE OF ACQUISITION
Stock number DPL
Source of stock number/acquisition ENG
245 ## - TITLE STATEMENT
Title Moral science series /
250 ## - EDITION STATEMENT
Edition statement Book VIII
260 ## - PUBLICATION, DISTRIBUTION, ETC. (IMPRINT)
Place of publication, distribution, etc Chennai
Name of publisher, distributor, etc Macmillan
Date of publication, distribution, etc 2003
300 ## - PHYSICAL DESCRIPTION
Extent 217p.
Dimensions 18 cms.
942 ## - ADDED ENTRY ELEMENTS (KOHA)
Source of classification or shelving scheme Dewey Decimal Classification
Item type English Books
Classification part 170
Call number suffix MOR
Holdings
Withdrawn status Lost status Not for loan Collection code Home library Current library Date acquired Cost, normal purchase price Full call number Barcode Cost, replacement price Koha item type
      Non-fiction Sarojini Nagar Sarojini Nagar 22/03/2012 79.50 170 MOR B-83573 79.50 English Books

© Delhi Public Library
Hit Counter
free hit counter